000 00283nam a2200109Ia 4500
082 _a916,800222 SLAB
245 0 _aSlabbert,Denise
100 _aSouth Africa through the seasons
_926901
942 _cBK
020 _a9781770074361"
008 210816s9999 xx 000 0 und d
999 _c103058
_d103058